Effect of belt materials on performance of radial passenger tires (Record no. 43784)

MARC details
000 -LEADER
fixed length control field 00346nam a2200109Ia 4500
082 ## - DEWEY DECIMAL CLASSIFICATION NUMBER
Classification number 678.065:621.852
Item number POT
100 ## - MAIN ENTRY--AUTHOR NAME
Personal name Pottinger, Marion G
245 #0 - TITLE STATEMENT
Title Effect of belt materials on performance of radial passenger tires
260 ## - PUBLICATION, DISTRIBUTION, ETC. (IMPRINT)
Place of publication New York
Name of publisher Society of automotive engineers
Year of publication 1975
942 ## - ADDED ENTRY ELEMENTS (KOHA)
Koha item type Books
Holdings
Withdrawn status Lost status Damaged status Not for loan Home library Current library Date acquired Source of acquisition Full call number Accession Number Koha item type
        RRII Library RRII Library 16/12/2021 Gift 678.065:621.852 POT G00536 Books